Zemlje najbliže Bosni i Hercegovini - Statistics

General Stats
  • This quiz has been taken 43 times
  • The average score is 14 of 20
Answer Stats
km zemlja % Correct
0 Crna Gora
93%
0 Hrvatska
93%
45 Slovenija
93%
0 Srbija
93%
94 Albanija
87%
96 Kosovo
87%
162 Austrija
83%
282 Grčka
80%
153 Italija
80%
129 Rumunija
77%
221 Bugarska
73%
68 Mađarska
73%
196 Sjeverna Makedonija
70%
372 Češka
63%
400 Vatikan
60%
271 San Marino
57%
282 Slovačka
53%
436 Ukrajina
53%
331 Nemačka
37%
438 Švajcarska
27%
No matching quizzes found
Score Distribution
Percent of People with Each Score
Percentile by Number Answered
Your Score History
You have not taken this quiz